| 000 | 00551nam a2200181 a 4500 | ||
|---|---|---|---|
| 001 | 000042255 | ||
| 005 | 20201002040031.0 | ||
| 008 | 131120s2006 sp r 000 0 spa d | ||
| 020 | _a8493474878 | ||
| 040 |
_aDO-SdBNP _bspa _cBNPHU |
||
| 082 |
_axxxx _bS717v |
||
| 100 | 1 |
_aSotelo, Ignacio _966514 |
|
| 245 | 1 | 0 |
_aA vueltas con España / _cIgnacio Sotelo. |
| 260 |
_aMadrid, España : _bGadir, _c2006. |
||
| 300 |
_a400 p. ; _c21 cm. |
||
| 500 | _aIncluye referencias bibliografícas y notas al pie de las páginas. | ||
| 590 | _aInventariado, 2019/BT | ||
| 999 |
_c41744 _d41744 |
||